书目信息 |
| 题名: |
民族符号学
|
|
| 作者: | 霍帕尔 著 ;彭佳 , 贾欣 译 | |
| 分册: | ||
| 出版信息: | 北京 社会科学文献出版社 2020.3 |
|
| 页数: | 232页 | |
| 开本: | 24cm | |
| 丛书名: | 传播符号学书系 | |
| 单 册: | ||
| 中图分类: | C95 , H0 | |
| 科图分类: | ||
| 主题词: | 民族学--min zu xue--符号学--文化研究 | |
| 电子资源: | ||
| ISBN: | 978-7-5201-4598-5 | |
| 000 | 01412oam2 2200325 450 | |
| 001 | 2131749244 | |
| 005 | 20210930094356.0 | |
| 010 | @a978-7-5201-4598-5@dCNY79.00 | |
| 100 | @a20200428d2020 em y0chiy0120 ea | |
| 101 | 1 | @achi@chun |
| 102 | @aCN@b110000 | |
| 105 | @aa az 000yy | |
| 106 | @ar | |
| 200 | 1 | @a民族符号学@Amin zu fu hao xue@e文化研究的方法@dEthnosemiotics@eapproaches to the study of culture@f(匈)米哈伊·霍帕尔著@g彭佳,贾欣译@zeng |
| 210 | @a北京@c社会科学文献出版社@d2020.3 | |
| 215 | @a232页@c图@d24cm | |
| 225 | 2 | @a传播符号学书系@Achuan bo fu hao xue shu xi@i国际视野 |
| 320 | @a有书目(第211-232页) | |
| 330 | @a本书是民族符号学研究领域的代表性著作。作者将符号学视为透视民族文化现象的深层结构模式,并将民族文化的互动视为语言隐喻的多渠道传播与意义流变。作者霍帕尔是匈牙利科学院民族学研究所(Institute of Ethnology, Hungarian Academy of Sciences)前主席,联合国非物质文化遗产匈牙利委员会委员,民族符号学的学科奠基人。 | |
| 461 | 0 | @12001 @a传播符号学书系@i国际视野 |
| 510 | 1 | @aEthnosemiotics@eapproaches to the study of culture@zeng |
| 517 | 1 | @a文化研究的方法@Awen hua yan jiu de fang fa |
| 606 | 0 | @a民族学@Amin zu xue@x符号学@x文化研究 |
| 690 | @aC95@v5 | |
| 690 | @aH0 | |
| 701 | 1 | @c(匈)@a霍帕尔@Ahuo pa er@c(Hoppal, Mihaly)@4著 |
| 702 | 0 | @a彭佳@Apeng jia@4译 |
| 702 | 0 | @a贾欣@Ajia xin@4译 |
| 801 | 0 | @aCN@b百万庄@c20210929 |
| 905 | @b1303742-45@dC95@e136@f4 | |
| 民族符号学:文化研究的方法=Ethnosemiotics:approaches to the study of culture/(匈)米哈伊·霍帕尔著/彭佳,贾欣译.-北京:社会科学文献出版社,2020.3 |
| 232页:图;24cm.-(传播符号学书系.国际视野) |
| ISBN 978-7-5201-4598-5:CNY79.00 |
| 本书是民族符号学研究领域的代表性著作。作者将符号学视为透视民族文化现象的深层结构模式,并将民族文化的互动视为语言隐喻的多渠道传播与意义流变。作者霍帕尔是匈牙利科学院民族学研究所(Institute of Ethnology, Hungarian Academy of Sciences)前主席,联合国非物质文化遗产匈牙利委员会委员,民族符号学的学科奠基人。 |
| ● |
| 相关链接 |
|
|
|
|
正题名:民族符号学
索取号:C95/136
 
预约/预借
| 序号 | 登录号 | 条形码 | 馆藏地/架位号 | 状态 | 备注 |
| 1 | 1303742 | 213037426 | 第一样本阅览室/ [索取号:C95/136] | 在馆 | |
| 2 | 1303743 | 213037435 | 第一借阅区/ [索取号:C95/136] | 在馆 | |
| 3 | 1303744 | 213037444 | 第一借阅区/ [索取号:C95/136] | 在馆 | |
| 4 | 1303745 | 213037453 | 第一借阅区/ [索取号:C95/136] | 在馆 |